Statistiken für Politiker Quiz

Klicken Sie hier um das Quiz zu spielen!

Allgemein

  • Dieses Quiz wurde 1.069 mal gespielt
  • Das Durchschnittsergebnis liegt bei 10 aus 15

Antwortstatistiken

FrageAntwort% Korrekt
Angela MerkelCDU
99%
Christian LinderFDP
99%
Alice WeidelAfD
96%
Olaf ScholzSPD
96%
Robert HabeckDie Grünen
92%
Cem ÖzdemirDie Grünen
90%
Sahra WagenknechtDie Linke
89%
Claudia RothDie Grünen
79%
Julia KlöcknerCDU
71%
Saskia EskenSPD
63%
Kay GottschalkAfD
48%
Katja SudingFDP
29%
Michael KellnerDie Grünen
19%
Serpil MidyatliSPD
19%
Axel TroostDie Linke
16%

Verteilung der Resultate

Perzentil nach korrekt beantworteten Fragen

Anzahl Personen mit jedem Resultat

Ihre Resultats-Entwicklung

Sie haben dieses Quiz noch nicht gespielt